Statistiques concernant Effectif détaillé du RC Lens saison 2023-2024

Cliquez ici pour prendre le quiz!

Statistiques générales

  • Ce quiz a été pris 72 fois
    (42 depuis la dernière actualisation)
  • Le résultat moyen est 20 sur 29

Statistiques - réponses

NationalitéPosteAncien clubNuméroRéponse% Correct
FranceCoachRC Lens BFranck Haise
97%
AutricheDefenseurFC Augsburg4Kevin Danso
97%
FranceGardienNottingham Forest30Brice samba
94%
ArgentineDefenseurCA Talleres14Facundo Medina
94%
ColombieDefenseurToulouse FC3Deiver Machado
91%
FranceAttaquantGrenoble Foot 387Florian Sotoca
85%
FranceGardienAC Ajaccio16Jean-Louis Leca
85%
FranceDefenseurSM Caen24Jonathan Gradit
85%
PologneMilieuChicago Fire29Przemyslaw Frankowski
85%
FranceMilieuFSV Mayence20Angelo Fulgini
82%
MaliDefenseurNewcastle United21Massadio Haidara
82%
GhanaMilieuClermont Foot 636Salis Abdul Samed
82%
VenezuelaGardienMillonarios FC1Wuilker Farinez
82%
OuzbékistanDefenseurEnergetik-BDU Minsk25Abduqodir Khusanov
76%
FranceMilieuRC Strasbourg28Adrien Thomasson
74%
FranceMIlieuFC Bâle18Andy Diouf
71%
Pays-BasMilieuToulouse FC5Stijn Spierings
71%
FranceAttaquantToulouse FC22Wesley Said
71%
ComoresGardienFormé au RC Lens40Yannick Pandor
71%
GuinéeAttaquantParis fc27Morgan Guilavogui
68%
FranceMilieuAS Nancy Lorraine23Neil Aynaoui
59%
ColombieAttaquantMillonarios FC15Oscar Cortes
59%
BelgiqueMilieuFormé au RC Lens32Ayanda Sishuba
56%
FranceMilieuAngers SCO19Jimmy Cabot
44%
PologneMilieuZagłębie Lubin13Lukasz Poreba
41%
PortugalMilieuFormé au RC Lens10David Pereira Da Costa
29%
FranceAttaquantFormé au RC Lens33Ibrahima Baldé
29%
SénégalMilieuFormé au RC Lens36Mamadou Camara
18%
FranceDefenseurParis FC26Julien Le Cardinal
15%

Distribution des résultats

Percentile par nombre de réponses

% des personnes avec chaque résultat

Votre développement - résultats

Vous n’avez pas pris ce quiz depuis la dernière actualisation